00598nam a22001697a 4500003000400000008004100004020001800045082002000063100002400083245008400107260007400191300001700265650003400282650004100316650004500357700002600402OSt260623b |||||||| |||| 00| 0 eng d a9789394023178 a635.65042bS13B aSaidaiah, Pidigam  aBreeding Of Leguminous Vegetable Crops/by Pidigam Saidaiah, B Neeraja Prabhakar aNew Delhi:b International Books & Periodicals Supply Service,c2023. aviii, 271 p. aTechnology (Applied Sciences) aAgriculture and related technologies aGarden crops (Horticulture) / Vegetables a Prabhakar, B Neeraja